Score 0/30 Timer 05:00
1 Play Today
% Correct
Jurassic
98.6%
Gulliver's
98.1%
Mary
98.1%
David
97.1%
Fahrenheit
97.1%
Great
96.7%
Peter
95.8%
Absalom,
95%
Sophie’s
91.3%
Guilty
91.2%
Curious
90.3%
Slaughterhouse-
88.8%
Dangerous
87.9%
Kite
85.3%
Pet
85.1%
% Correct
I,
84.7%
White
83.3%
Goodnight
82.7%
Love
81.8%
Rob
78.8%
Red
77.2%
Ethan
74.5%
Parade’s
72.8%
Native
72.5%
Cannery
71.9%
Peyton
70.1%
Naked
67.7%
Big
67.7%
Lord
67.1%
Tortilla
63.4%
Remove Ads.
Support Sporcle.
Get the best of Sporcle when you Go Orange. This ad-free experience offers more features, more stats, and more fun while also helping to support Sporcle. Thank you for becoming a member.

You're not logged in!

Compare scores with friends on all Sporcle quizzes.
OR
Log In

Show Comments

Extras

Top Quizzes Today


Score Distribution

Your Account Isn't Verified!

In order to create a playlist on Sporcle, you need to verify the email address you used during registration. Go to your Sporcle Settings to finish the process.

Report this User

Report this user for behavior that violates our Community Guidelines.

Details: